000 00638cam a22002171 4500
001 af 47006807
003 DLC
005 20260227110839.0
008 831026s1943 fr 000 0 fre c
010 _aaf 47006807
035 _a(OCoLC)10057639
040 _aNew York. Public Library
_cTNJ
_dDLC
042 _apremarc
050 0 0 _aZ8106.19
_b.S4
100 1 _aSecret, Nestor Maurice,
_d1877-
245 1 0 _aHors frontières avec Léon Bocquet.
_bEssai biblio-iconographique.
260 _aParis,
_bA. Lemerre,
_c1943.
300 _a90 p.
_c19 cm.
600 1 0 _aBocquet, Léon,
_d1876-
600 1 0 _aBocquet, Léon,
_d1876-
_vBibliography.
999 _c3692
_d3692